Expectativas racionales e inflación
I tiakina i:
| Kaituhi matua: | |
|---|---|
| Hōputu: | Pukapuka |
| Reo: | Pāniora |
| I whakaputaina: |
Madrid
Alianza
1989
|
| Rangatū: | Alianza Economía y Finanzas, 6
|
| Ngā marau: | |
| Ngā Tūtohu: |
Tāpirihia he Tūtohu
Kāore He Tūtohu, Me noho koe te mea tuatahi ki te tūtohu i tēnei pūkete!
|
MARC
| LEADER | 00000nam a2200000 a 4500 | ||
|---|---|---|---|
| 001 | UCX8008 | ||
| 003 | CL-VaPUC | ||
| 008 | 940119e19890000SP |||||||||||||||||spa|d | ||
| 082 | 0 | 4 | |a 332.41 |b SAR |2 21 |
| 100 | 0 | |a Sargent, Thomas J |e author |9 324996 | |
| 245 | 1 | 0 | |a Expectativas racionales e inflación |
| 300 | |a 230 p | ||
| 942 | |c BK | ||
| 945 | |d 19940119 00:00:00 |a nfarias | ||
| 260 | |a Madrid |b Alianza |c 1989 | ||
| 650 | 0 | |a Inflación |9 257218 | |
| 650 | 0 | |a Modelos económicos |9 324997 | |
| 650 | 7 | |a EXPECTATIVAS RACIONALES TEORIA ECONOMICA |2 CL-VaPUC |9 324998 | |
| 583 | |a last modification |c 19940119 00:00:00 |k Rodrigo Vera | ||
| 490 | 0 | |a Alianza Economía y Finanzas, 6 | |
| 999 | |c 227646 |d 227644 | ||
| 952 | |0 0 |1 0 |4 0 |6 332_410000000000000_SAR_1989 |7 0 |8 A |9 226799 |a BIBENE |b BIBENE |d 2019-11-15 |i 2959690 |o 332.41 SAR 1989 |p 2959690 |r 2025-01-15 |w 2019-11-15 |y BK |k ICO | ||
| 952 | |0 0 |1 0 |4 0 |6 332_410000000000000_SAR_1989 |7 0 |8 A |9 226800 |a BIBENE |b BIBENE |d 2019-11-15 |i 2967057 |o 332.41 SAR 1989 |p 2967057 |r 2025-01-15 |w 2019-11-15 |y BK |k ICO | ||